Statistics for Science A-Z

Click here to take the quiz!

General Stats

  • This quiz has been taken 2,178 times
  • The average score is 17 of 26

Answer Stats

HintAnswer% Correct
FNuclear reaction - two or more atoms 'join'Fusion
90%
JEnglish Physicist OR unit of energyJoule
89%
DDeoxyribonucleic acidDNA
88%
GForce - natural attraction of mass and energyGravity
88%
PAntibiotic accidentally discovered by Alexander Fleming in 1928Penicillin
84%
EChange in genetic composition over successive generationsEvolution
83%
UFemale sex organ part of the reproductive systemUterus
79%
ZChemical element with atomic number 30Zinc
74%
QMinimum amount of any physical entity OR an area of PhysicsQuantum
71%
KTaxonomic rank (Domain, ..., Species)Kingdom
70%
OMovement of a solvent through a semi permeable membrane to an area of lower concentrationOsmosis
70%
SStellar ExplosionSupernova
68%
MUnit - number of atoms in 12g of carbon-12Mole
67%
CChemical bond - involves 'sharing' of electron pairsCovalent Bond
66%
APositively charged electrodeAnode
64%
IProcess - atom/molecule gains or loses an electronIonization
63%
BType of radiation - high energy electron/positronBeta
62%
VMeasure of the resistance of a liquid to flowViscosity
61%
HGroup 17 elements of the Periodic Table (F, Cl, Br, I, At)Halogen
60%
XPlant tissue that transports water from the roots to the shoots and leavesXylem
47%
YQuantifiable amount of product produced during a chemical reactionYield
47%
WForce applied over a distanceWork
43%
LDevice - emits light through optical amplificationLaser
42%
TType of wave, (light, x-rays, UV, ...) opposite of longitudinalTransverse
38%
RDecrease of charge OR the gain of electronsReduction
36%
NSubatomic particle - typically pass through normal matterNeutrino
33%

Score Distribution

Percentile by Number Answered

Percent of People with Each Score

Your Score History

You have not taken this quiz